000 00783nam a22002657a 4500
001 000506
003 DO-SdBNP
005 20220608083810.0
007 000506
008 160916b2009 mx a |||| 00| 0 spa d
020 _a9786071101273
040 _aBPMSU
_bspa
_cBPMSU
082 _aR398.4103
_bW377e 2009
_222
100 1 _aWebster, Richard
245 1 0 _aEnciclopedia de las supersticiones /
_cRichard Webster.
260 _aMéxico :
_bAlamah,
_c2009.
300 _a364 p. :
_bil. ;
_c23 cm.
500 _aTitulo original:
504 _aBibliografía : p. 359-364
534 _aTítulo original :.
_t The e ncyclopedia of superstitions.
590 _6Inventariado, 2022/VM
650 4 _aSuperstición
_vEnciclopedias
_zEspaña.
910 _aVMateo V.
942 _2ddc
_cBK
999 _c11418
_d11418